Racionalizácia práce a tvorba komplexných noriem na úseku manipulácie s materiálmi v poľnohospodárstve záverečná správa SPEV 904 113 201 - 05.03

Gespeichert in:
Bibliographische Detailangaben
1. Verfasser: Petričková, Eva
Format: Buch
Sprache:Slowakisch
Veröffentlicht: Bratislava Výskumný ústav ekonomiky poľnohospodárstva a potravinárstva 1984
Tags: Tag hinzufügen
Keine Tags, Fügen Sie das erste Tag hinzu!

MARC

LEADER 00000nam a2200000 4500
001 c106991
005 20181203150259.2
041 0 |a slo 
044 |a SK 
245 1 0 |a Racionalizácia práce a tvorba komplexných noriem na úseku manipulácie s materiálmi v poľnohospodárstve  |b záverečná správa SPEV 904 113 201 - 05.03  |c Eva Petričková 
264 1 |a Bratislava  |b Výskumný ústav ekonomiky poľnohospodárstva a potravinárstva  |c 1984 
300 |a 26 s.  |e 3 príl. 
100 1 |a Petričková, Eva